[Event "89th Hastings Masters 2013-14"]
[Site "Hastings ENG"]
[Date "2013.12.30"]
[Round "3.32"]
[White "Low, Zhen Yu Cyrus"]
[Black "Kvisla, Johannes Luangtep"]
[Result "0-1"]
[WhiteElo "1868"]
[BlackElo "2149"]
[WhiteFideId "5804175"]
[BlackFideId "1504533"]
[EventDate "2013.12.28"]

1. e4 e5 2. Nf3 Nc6 3. d4 exd4 4. Nxd4 Bb4+ 5. c3 Bc5 6. Be3 Bb6 7. Bd3 Nf6 8.
O-O d6 9. h3 O-O 10. Nd2 Re8 11. Qc2 Ne5 12. Be2 Ng6 13. Rfe1 d5 14. Bg5 h6 15.
Bxf6 Qxf6 16. exd5 Bxd4 17. cxd4 Bf5 18. Bd3 Bxd3 19. Qxd3 Nf4 20. Qb5 c6 21.
dxc6 bxc6 22. Qb3 Nxg2 23. Kxg2 Qg5+ 24. Kf1 Qxd2 25. Qc3 Qg5 26. Rxe8+ Rxe8 27.
Qxc6 Re6 28. Qc8+ Kh7 29. Qc5 Qg6 30. Rd1 Qe4 31. Kg1 Rg6+ 32. Kf1 Re6 33. Kg1
Qe2 34. Rc1 Rg6+ 35. Kh1 Qf3+ 0-1

[Event "89th Hastings Masters 2013-14"]
[Site "Hastings ENG"]
[Date "2013.12.30"]
[Round "3.33"]
[White "Burnett, Jim"]
[Black "Willson, Ollie"]
[Result "1-0"]
[WhiteElo "2138"]
[BlackElo "1833"]
[WhiteFideId "402273"]
[BlackFideId "424714"]
[EventDate "2013.12.28"]

1. d4 Nf6 2. c4 c5 3. Nf3 g6 4. g3 Bg7 5. Bg2 O-O 6. O-O cxd4 7. Nxd4 Nc6 8. Nc3
a6 9. b3 Ne8 10. e3 Nc7 11. Bb2 Nxd4 12. exd4 d6 13. Re1 Ne6 14. Ne2 Rb8 15. Qd2
b5 16. cxb5 axb5 17. d5 Bxb2 18. Qxb2 Nc5 19. Red1 Bg4 20. f3 Bf5 21. Nd4 Bd7
22. Qd2 Qb6 23. Kh1 e5 24. dxe6 fxe6 25. f4 Rbd8 26. b4 Nb7 27. Re1 Rde8 28.
Rac1 e5 29. Bd5+ Kg7 30. fxe5 dxe5 31. Nf3 Rf5 32. g4 Rf6 33. Nxe5 Rd8 34. Qc3
Kf8 35. Nc6 Qf2 36. Nxd8 Nxd8 37. Bg2 Qb6 38. g5 Re6 39. Rcd1 Rxe1+ 40. Rxe1 Nf7
41. Qc5+ Qxc5 42. bxc5 Nxg5 43. c6 Bc8 44. Rb1 Ke7 45. Rxb5 Ne6 46. Rb7+ Kd6 47.
Rxh7 1-0

[Event "89th Hastings Masters 2013-14"]
[Site "Hastings ENG"]
[Date "2013.12.30"]
[Round "3.34"]
[White "Flynn, David"]
[Black "Mu, Ke"]
[Result "0-1"]
[WhiteElo "1932"]
[BlackElo "2302"]
[WhiteFideId "410594"]
[BlackFideId "8602778"]
[EventDate "2013.12.28"]

1. e4 e6 2. d4 d5 3. e5 c5 4. c3 Nc6 5. Nf3 Qb6 6. a3 Nh6 7. b4 cxd4 8. cxd4 Nf5
9. Bb2 Bd7 10. g4 Nfe7 11. Nc3 Na5 12. Na4 Qc6 13. b5 Qc7 14. Nc5 Nc4 15. Bxc4
dxc4 16. a4 Nd5 17. Ba3 b6 18. Ne4 Bxa3 19. Rxa3 O-O 20. Nd6 f6 21. O-O fxe5 22.
dxe5 Rf4 23. Nd4 Qc5 24. Nc2 Raf8 25. Qe2 c3 26. Kg2 Be8 27. Nxe8 Rxe8 28. Raa1
Ref8 29. f3 Rd4 30. Qe1 Rd2+ 31. Rf2 Nf4+ 0-1

[Event "89th Hastings Masters 2013-14"]
[Site "Hastings ENG"]
[Date "2013.12.30"]
[Round "3.35"]
[White "Snape, Ian L"]
[Black "Roggensack, Hans Peter"]
[Result "1/2-1/2"]
[WhiteElo "2229"]
[BlackElo "1972"]
[WhiteFideId "404489"]
[BlackFideId "12904767"]
[EventDate "2013.12.28"]

1. c4 Nf6 2. Nc3 c6 3. e4 d5 4. e5 d4 5. exf6 dxc3 6. bxc3 gxf6 7. d4 e6 8. Bd3
b6 9. Nf3 Bb7 10. Qe2 Qc7 11. h4 Nd7 12. h5 h6 13. a4 c5 14. Be3 Bd6 15. Qd2
O-O-O 16. Bxh6 Rdg8 17. Kf1 f5 18. Rh4 Nf6 19. d5 Ng4 20. Rxg4 Rxg4 21. Re1 Bf4
22. Bxf4 Qxf4 23. Qxf4 Rxf4 24. Ne5 exd5 25. Nxf7 Rxh5 26. Re7 Ba6 27. g3 Re4
28. Rxa7 Bxc4 29. Bxc4 Kb8 30. Ra6 Rxc4 31. Rxb6+ Kc7 32. a5 Rxc3 33. Nd6 Rc1+
34. Kg2 d4 35. Nb5+ Kd7 36. a6 Ra1 37. a7 d3 38. Rd6+ Kc8 39. Rxd3 Rh8 40. Rd5
Rf8 41. Rxc5+ Kb7 42. Rxf5 Rxf5 43. Nd6+ Kc6 44. Nxf5 Rxa7 45. g4 Kd5 46. Kg3
Ke5 47. Nh4 Ra3+ 48. f3 Rb3 49. Ng6+ Kf6 50. Nf4 Ra3 51. Nh3 Rb3 52. Nf2 Ke5 53.
Ne4 Rd3 54. Ng5 Ra3 55. Nf7+ Ke6 56. Nh6 Ke5 57. Nf5 1/2-1/2

[Event "89th Hastings Masters 2013-14"]
[Site "Hastings ENG"]
[Date "2013.12.30"]
[Round "3.36"]
[White "Rowe, Duane"]
[Black "ter Steeg, Marcus"]
[Result "1-0"]
[WhiteTitle "CM"]
[WhiteElo "2218"]
[BlackElo "1942"]
[WhiteFideId "7400268"]
[BlackFideId "24676799"]
[EventDate "2013.12.28"]

1. e4 c5 2. Nc3 e6 3. Nf3 a6 4. g3 b5 5. Bg2 Bb7 6. Qe2 Nc6 7. O-O Nd4 8. Nxd4
cxd4 9. Nb1 Qc7 10. c3 Bc5 11. d3 Ne7 12. Nd2 Nc6 13. Nb3 Bb6 14. cxd4 Nxd4 15.
Nxd4 Bxd4 16. Bf4 Qb6 17. Rac1 O-O 18. Bc7 Qa7 19. Rc2 f5 20. Kh1 Bc6 21. Bd6
Rf7 22. f4 h6 23. g4 fxg4 24. Qxg4 Rc8 25. f5 exf5 26. Rxf5 Rxf5 27. Qxf5 Qa8
28. h4 Re8 29. h5 Qd8 30. Qf4 Qf6 31. Qxf6 Bxf6 32. Bf3 Re6 33. Bc5 Re5 34. Bd6
Re6 35. Bc5 Be7 36. Kg2 Kf7 37. Bxe7 Kxe7 38. Kg3 Rd6 39. Rd2 Rd4 40. Kf4 Rb4
41. Ke3 Ra4 42. b3 Ra5 43. d4 d5 44. e5 b4 45. Rc2 Bd7 46. Kf4 Rb5 47. Rg2 Kf7
48. Rc2 Ke7 49. Bg4 Bxg4 50. Kxg4 Ra5 51. Kf5 Ra3 52. Rg2 Kf8 53. Ke6 Ra5 54.
Rc2 g5 55. hxg6 Kg7 56. Kf5 Rb5 57. Rc7+ Kg8 58. Kf6 Rb8 59. e6 Rf8+ 60. Rf7 1-0

[Event "89th Hastings Masters 2013-14"]
[Site "Hastings ENG"]
[Date "2013.12.30"]
[Round "3.37"]
[White "Obsieger, Hendrik"]
[Black "Kewes, Gerd"]
[Result "1/2-1/2"]
[WhiteElo "1873"]
[BlackElo "2200"]
[WhiteFideId "12945137"]
[BlackFideId "4680588"]
[EventDate "2013.12.28"]

1. e4 e5 2. Nf3 Nc6 3. Bb5 a6 4. Ba4 Nf6 5. O-O b5 6. Bb3 Be7 7. Re1 O-O 8. d3
d6 9. h3 Re8 10. c3 Na5 11. Bc2 c5 1/2-1/2

[Event "89th Hastings Masters 2013-14"]
[Site "Hastings ENG"]
[Date "2013.12.30"]
[Round "3.38"]
[White "Anderson, John"]
[Black "Clayton, Tristan"]
[Result "1-0"]
[WhiteElo "2195"]
[BlackElo "1832"]
[WhiteFideId "405353"]
[BlackFideId "416533"]
[EventDate "2013.12.28"]

1. e4 c6 2. d4 d5 3. exd5 cxd5 4. c4 Nf6 5. Nc3 Nc6 6. Nf3 Bg4 7. cxd5 Nxd5 8.
Qb3 Bxf3 9. gxf3 e6 10. Qxb7 Nxd4 11. Bb5+ Nxb5 12. Qc6+ Ke7 13. Qxb5 Qd7 14.
Nxd5+ Qxd5 15. Bg5+ f6 16. Qxd5 exd5 17. Be3 Ke6 18. O-O-O Rc8+ 19. Kb1 Bc5 20.
Rd3 Rhe8 21. Bxc5 Rxc5 22. Re3+ Kf7 23. Rxe8 Kxe8 24. Rc1 Rxc1+ 25. Kxc1 Kd7 26.
Kd2 Kd6 27. Kc3 Kc5 28. b4+ Kb5 29. Kb3 a6 30. a4+ Kc6 31. f4 Kb6 32. f5 Kc6 33.
Kc3 Kb6 34. Kd4 Kc6 35. h3 Kd6 36. b5 1-0

[Event "89th Hastings Masters 2013-14"]
[Site "Hastings ENG"]
[Date "2013.12.30"]
[Round "3.39"]
[White "Atkins, Rita"]
[Black "McKenna, John R"]
[Result "1-0"]
[WhiteTitle "WIM"]
[WhiteElo "2176"]
[BlackElo "1735"]
[WhiteFideId "408050"]
[BlackFideId "406180"]
[EventDate "2013.12.28"]

1. d4 d5 2. Bf4 Nf6 3. e3 c5 4. c3 Qb6 5. Qb3 Nc6 6. Nd2 Bf5 7. dxc5 Qxc5 8.
Qxb7 Rc8 9. Bb5 Bd7 10. Bxc6 Rxc6 11. Nb3 Qb6 12. Qxb6 Rxb6 13. Nf3 e6 14. O-O
Be7 15. Rab1 Bb5 16. Rfd1 Ba4 17. Nfd4 Nd7 18. Bc7 Rb7 19. Bg3 Rb6 20. Re1 Bxb3
21. Nxb3 O-O 22. e4 dxe4 23. Rxe4 Nf6 24. Rd4 Nd5 25. c4 Nb4 26. Rd7 Bf6 27. c5
Ra6 28. a3 Nc6 29. Nd2 Rd8 30. Rxd8+ Nxd8 31. Nc4 Nb7 32. b4 Rc6 33. Nd6 Nxd6
34. Bxd6 Ra6 35. Rb3 g6 36. Kf1 h5 37. b5 Ra4 38. c6 Rc4 39. Rb1 Bd4 40. a4 Bb6
41. Rb2 f6 42. Bb4 Bd4 43. Rb1 Kf7 44. a5 Ke8 45. Bd6 Kd8 46. b6 axb6 47. axb6
Rxc6 48. b7 Ba7 49. b8=Q+ Bxb8 50. Bxb8 1-0

[Event "89th Hastings Masters 2013-14"]
[Site "Hastings ENG"]
[Date "2013.12.30"]
[Round "3.40"]
[White "Gunn, Michael J"]
[Black "Chlost, Marlena"]
[Result "0-1"]
[BlackTitle "WFM"]
[WhiteElo "1727"]
[BlackElo "2167"]
[WhiteFideId "409030"]
[BlackFideId "1122657"]
[EventDate "2013.12.28"]

1. c4 e5 2. g3 Nf6 3. Bg2 d5 4. cxd5 Nxd5 5. Nc3 Nb6 6. d3 Be7 7. Nf3 Nc6 8. O-O
O-O 9. Rb1 Re8 10. a3 Bf8 11. b4 a5 12. b5 Nd4 13. a4 Bb4 14. Bb2 Bg4 15. Nxd4
exd4 16. Ne4 f5 17. f3 Bh5 18. Nd2 c5 19. bxc6 bxc6 20. Nc4 Nxc4 21. dxc4 c5 22.
Bc1 Bf7 23. Qc2 Qd7 24. f4 Rad8 25. Rd1 Qe6 26. Bd5 Qxe2 27. Bxf7+ Kxf7 28.
Qxf5+ Kg8 29. Bb2 Qxc4 30. Rbc1 Qb3 31. Qc2 Qxc2 32. Rxc2 d3 33. Rc4 d2 34. Kf2
Re1 0-1

[Event "89th Hastings Masters 2013-14"]
[Site "Hastings ENG"]
[Date "2013.12.30"]
[Round "3.41"]
[White "Bianco, Valerio"]
[Black "French, Max"]
[Result "1-0"]
[WhiteElo "2151"]
[BlackElo "1718"]
[WhiteFideId "800600"]
[BlackFideId "426652"]
[EventDate "2013.12.28"]

1. Nf3 d5 2. g3 c6 3. Bg2 Bg4 4. c4 e6 5. O-O Bd6 6. d3 Ne7 7. Be3 O-O 8. Qb3 b6
9. Nc3 Nf5 10. Bd2 Bxf3 11. exf3 Qf6 12. f4 Nd4 13. Qd1 Qg6 14. Bc1 h5 15. Ne2
Nf5 16. h3 Nd7 17. Bd2 Nh6 18. Bc3 Rac8 19. Nd4 Nc5 20. b4 Nd7 21. Nf3 Nf5 22.
Qd2 Rfe8 23. Rae1 Kh7 24. Ne5 Nxe5 25. fxe5 Be7 26. Qe2 Kg8 27. Bf3 h4 28. g4
Nh6 29. Bg2 Rc7 30. Kh1 Rd8 31. a3 Bg5 32. f4 Be7 33. Rd1 Qh7 34. Be1 Ra8 35.
Bf2 Rd8 36. Rd2 Rcd7 37. Rfd1 Kh8 38. Qe1 Rg8 39. Bxh4 Bxh4 40. Qxh4 dxc4 41.
dxc4 1-0

[Event "89th Hastings Masters 2013-14"]
[Site "Hastings ENG"]
[Date "2013.12.30"]
[Round "3.42"]
[White "Dean, Michael J"]
[Black "Degro, Heiko"]
[Result "0-1"]
[WhiteElo "1597"]
[BlackElo "2060"]
[WhiteFideId "416100"]
[BlackFideId "24666122"]
[EventDate "2013.12.28"]

1. e4 c6 2. d4 d5 3. exd5 cxd5 4. Bb5+ Nc6 5. Nf3 Bg4 6. O-O e6 7. h3 Bh5 8. Bf4
Qb6 9. Nbd2 Qxb5 10. c3 Nf6 11. Re1 Be7 12. b4 Qb6 13. a4 O-O 14. Qe2 Qd8 15. b5
Na5 16. Qe3 Bxf3 17. Qxf3 Rc8 18. Be5 Nc4 19. Nb3 b6 20. Qg3 Nd6 21. Bxf6 Bxf6
22. Nd2 Nf5 23. Qd3 Qc7 24. Rac1 Bg5 25. Qe2 Bxd2 26. Qxd2 Qc4 27. Qd1 Rfd8 28.
g4 Nh4 29. Re5 Ng6 30. Re3 Qc7 31. Qf1 Qf4 32. Qd3 Nh4 33. Rc2 Rc4 34. Ra2 Rdc8
35. Ra3 h6 36. Rg3 Qc1+ 0-1

[Event "89th Hastings Masters 2013-14"]
[Site "Hastings ENG"]
[Date "2013.12.30"]
[Round "3.45"]
[White "Croad, Nicolas"]
[Black "Shierlaw, Hamish"]
[Result "1-0"]
[WhiteTitle "FM"]
[WhiteElo "2272"]
[BlackElo "1605"]
[WhiteFideId "4300793"]
[BlackFideId "4301765"]
[EventDate "2013.12.28"]

1. d4 Nf6 2. c4 e6 3. Nc3 d5 4. cxd5 Nxd5 5. e4 Nxc3 6. bxc3 Be7 7. Nf3 O-O 8.
Bd3 b6 9. O-O Bb7 10. c4 Nd7 11. Bb2 c5 12. d5 exd5 13. cxd5 Re8 14. e5 Bg5 15.
Bb5 Bf4 16. e6 fxe6 17. dxe6 Nf6 18. Qa4 Bc7 19. Rad1 Qe7 20. Bxe8 Qxe8 21.
Qxe8+ Rxe8 22. Bxf6 gxf6 23. Rd7 Bxf3 24. gxf3 Be5 25. Rxa7 Rxe6 26. Rd1 Rd6 27.
Rxd6 Bxd6 28. Rb7 c4 29. Rxb6 Be5 30. Rc6 c3 31. a4 Kf7 32. a5 Kg6 33. a6 Bd4
34. Rxc3 1-0

[Event "89th Hastings Masters 2013-14"]
[Site "Hastings ENG"]
[Date "2013.12.30"]
[Round "3.46"]
[White "Witt, Holger"]
[Black "Dennis, Nigel W"]
[Result "0-1"]
[WhiteElo "1648"]
[BlackElo "1848"]
[WhiteFideId "24678139"]
[BlackFideId "408913"]
[EventDate "2013.12.28"]

1. e4 c5 2. Nc3 Nc6 3. f4 d6 4. Nf3 Bg4 5. Bb5 a6 6. Bxc6+ bxc6 7. O-O e6 8. d3
Be7 9. Qe1 Bxf3 10. Rxf3 d5 11. e5 Nh6 12. Na4 Nf5 13. Be3 Nxe3 14. Qxe3 Qa5 15.
b3 O-O 16. Rh3 Rad8 17. Rf1 Rfe8 18. Qe2 g6 19. Rg3 Kh8 20. Rgf3 Qb5 21. c4 Qb4
22. Nb2 Kg7 23. Rg3 Qc3 24. Rgf3 Qd4+ 25. Kh1 f6 26. Qf2 fxe5 27. fxe5 Qxf2 28.
R3xf2 Rf8 29. Kg1 g5 30. Rxf8 Rxf8 31. Rxf8 Bxf8 32. g4 Kg6 33. Kg2 h5 34. h3 h4
35. Na4 Kf7 36. Kf3 Ke8 37. Ke3 d4+ 38. Ke4 Kd7 39. Kf3 Kc7 40. Ke4 Be7 0-1

[Event "89th Hastings Masters 2013-14"]
[Site "Hastings ENG"]
[Date "2013.12.31"]
[Round "4.1"]
[White "Ma, Qun"]
[Black "Gormally, Daniel W"]
[Result "1/2-1/2"]
[WhiteTitle "GM"]
[BlackTitle "GM"]
[WhiteElo "2595"]
[BlackElo "2500"]
[WhiteFideId "8603154"]
[BlackFideId "406465"]
[EventDate "2013.12.28"]

1. e4 c5 2. Nf3 d6 3. d4 cxd4 4. Nxd4 Nf6 5. Nc3 a6 6. Be3 e5 7. Nf3 Qc7 8. a4
Be7 9. Be2 O-O 10. O-O h6 11. a5 Be6 12. Nd5 Nxd5 13. exd5 Bg4 14. h3 Bh5 15.
Bd3 f5 16. g4 Bg6 17. gxf5 Bxf5 18. Bxf5 Rxf5 19. Kh2 Nd7 20. Rg1 Raf8 21. Rg3
R8f7 22. Ra4 Nf6 23. Nh4 Rh5 24. Rf3 Qd7 25. b3 e4 26. Rxf6 Rxh4 27. Re6 Rf3 28.
Raxe4 Rfxh3+ 29. Kg2 Rh2+ 30. Kf3 Qe8 31. Rxh4 Rxh4 32. Kg2 Qf7 33. f4 Bf6 34.
Qd3 Qh5 35. Qe4 Qg4+ 36. Kf1 Rh1+ 37. Qxh1 Qd1+ 38. Kg2 Qxd5+ 39. Kg1 Qxe6 40.
Kf2 d5 41. c4 dxc4 42. bxc4 Qxc4 43. Qxb7 Qa2+ 44. Kf3 Qxa5 45. Qc8+ Kh7 46.
Qc2+ g6 47. Qc4 Qh5+ 48. Kg2 Qb5 49. Qf7+ Bg7 50. Kf2 Qf5 51. Qc7 g5 52. Kg3
gxf4+ 53. Bxf4 h5 54. Bd6 a5 55. Qc6 Qg6+ 56. Kh3 Qg4+ 57. Kh2 Qe2+ 58. Kh1 Qd1+
59. Kg2 Qd2+ 60. Kh1 Qd3 61. Kg2 Qg6+ 62. Kh1 Qe6 63. Kg2 Qg4+ 64. Kh2 a4 65.
Qd5 h4 66. Qd3+ Qg6 67. Qd5 Qc2+ 68. Kh1 Qb1+ 69. Kg2 Qb2+ 70. Kh1 Qc1+ 71. Kh2
Qc2+ 72. Kh1 Qg6 73. Kh2 Qg4 74. Qd3+ Kh8 75. Qd5 Bf6 76. Qa8+ Kh7 77. Qd5 Kg7
78. Qb7+ Kg6 79. Qd5 Kg7 80. Qb7+ Kh6 81. Qd5 Kg7 1/2-1/2

[Event "89th Hastings Masters 2013-14"]
[Site "Hastings ENG"]
[Date "2013.12.31"]
[Round "4.2"]
[White "Mchedlishvili, Mikheil"]
[Black "Vakhidov, Jahongir"]
[Result "1-0"]
[WhiteTitle "GM"]
[BlackTitle "IM"]
[WhiteElo "2649"]
[BlackElo "2452"]
[WhiteFideId "13600966"]
[BlackFideId "14201801"]
[EventDate "2013.12.28"]

1. Nf3 g6 2. c4 Bg7 3. g3 Nf6 4. Bg2 O-O 5. O-O d6 6. Nc3 Nc6 7. d4 Bg4 8. d5
Na5 9. Nd2 c5 10. Rb1 a6 11. b3 Rb8 12. Bb2 b5 13. Ba1 Qd7 14. Re1 Bh3 15. Bh1
bxc4 16. bxc4 Ng4 17. Qc2 e5 18. Nce4 Bh6 19. Rxb8 Rxb8 20. Bf3 Qe7 21. Bc3 Nb7
22. Bxg4 Bxg4 23. f3 Bd7 24. Rb1 Be3+ 25. Kg2 f5 26. Nf2 h5 27. Nf1 Bg5 28. Rb6
Qd8 29. Rxa6 Ra8 30. Rxa8 Qxa8 31. f4 exf4 32. Nh3 Bh6 33. Nxf4 Qe8 34. Qb2 Nd8
35. Qb8 Bxf4 36. gxf4 Nf7 37. Qxe8+ Bxe8 38. Bf6 Kf8 39. Nd2 Ba4 40. Nb1 Bd7 41.
Nc3 Ke8 42. Kf3 Bc8 43. Nb5 Kd7 44. Ke3 Ba6 45. Kd3 Kc8 46. Kc3 Kb7 47. Be7 Bxb5
48. cxb5 Kb6 49. a4 Ka5 50. Kb3 Kb6 51. Bf6 Ka5 52. Bc3+ Kb6 53. Kc4 g5 54. a5+
Ka7 55. e3 g4 56. Bf6 Nh8 57. Be7 Nf7 58. Kd3 Kb7 59. e4 fxe4+ 60. Kxe4 c4 61.
Bf6 Nh6 62. Bg7 Nf7 63. Kf5 Ne5 1-0

[Event "89th Hastings Masters 2013-14"]
[Site "Hastings ENG"]
[Date "2013.12.31"]
[Round "4.3"]
[White "Flear, Glenn C"]
[Black "Tomczak, Jacek"]
[Result "1/2-1/2"]
[WhiteTitle "GM"]
[BlackTitle "GM"]
[WhiteElo "2471"]
[BlackElo "2569"]
[WhiteFideId "400165"]
[BlackFideId "1124668"]
[EventDate "2013.12.28"]

1. d4 Nf6 2. c4 g6 3. Nc3 d5 4. cxd5 Nxd5 5. e4 Nxc3 6. bxc3 Bg7 7. Qa4+ Qd7 8.
Qa3 O-O 9. Nf3 b6 10. Bd3 c5 11. O-O Bb7 12. Bg5 Nc6 13. Rad1 cxd4 14. cxd4 Nxd4
15. Nxd4 Bxd4 16. Qxe7 Qxe7 17. Bxe7 Rfe8 18. Bg5 Rac8 19. Rfe1 Rc5 20. Be3 Bxe3
21. Rxe3 Rd8 22. Ree1 Rc3 23. Bb1 Rxd1 24. Rxd1 Ba6 25. h4 Kf8 26. Kh2 Ke7 27.
f3 Bc4 28. Kg3 b5 29. Kf4 b4 30. Rd2 a5 31. Rb2 b3 32. axb3 Rxb3 33. Rc2 Bd3 34.
Rc7+ Kd6 35. Ba2 Ra3 36. Rc8 Kd7 37. Rc5 Rxa2 38. Rd5+ Ke6 39. Rxd3 Rxg2 40. Ra3
Rh2 1/2-1/2

[Event "89th Hastings Masters 2013-14"]
[Site "Hastings ENG"]
[Date "2013.12.31"]
[Round "4.4"]
[White "Fernandez, Daniel Howard"]
[Black "Hawkins, Jonathan"]
[Result "1/2-1/2"]
[WhiteTitle "IM"]
[BlackTitle "IM"]
[WhiteElo "2381"]
[BlackElo "2512"]
[WhiteFideId "5801605"]
[BlackFideId "412686"]
[EventDate "2013.12.28"]

1. e4 c6 2. d4 d5 3. Nc3 dxe4 4. Nxe4 Nd7 5. Bd3 Ngf6 6. Nxf6+ Nxf6 7. c3 Qd5 8.
Nf3 Bg4 9. Be2 e6 10. h3 Bxf3 11. Bxf3 Qf5 12. Bd2 Bd6 13. Qb1 Qxb1+ 14. Rxb1 a5
15. O-O O-O 16. Rfe1 h6 17. h4 Rfd8 18. h5 Nd5 19. g3 Be7 20. Kg2 Rac8 21. Rbd1
b5 22. Be2 Bf6 23. a3 a4 24. f4 Nb6 25. Bc1 Nc4 26. g4 Bh4 27. Rg1 Be7 28. Kf3
c5 29. Bxc4 bxc4 30. Be3 cxd4 31. Rxd4 Rxd4 32. Bxd4 Rb8 33. Rg2 Rb5 34. Re2 Bd6
35. Be5 Bxe5 36. fxe5 Kf8 37. Re4 1/2-1/2

[Event "89th Hastings Masters 2013-14"]
[Site "Hastings ENG"]
[Date "2013.12.31"]
[Round "4.5"]
[White "Stewart, Neil"]
[Black "Rahman, Ziaur"]
[Result "0-1"]
[WhiteTitle "FM"]
[BlackTitle "GM"]
[WhiteElo "2258"]
[BlackElo "2496"]
[WhiteFideId "4636988"]
[BlackFideId "10200037"]
[EventDate "2013.12.28"]

1. c4 b6 2. Nc3 Bb7 3. e4 e6 4. Nge2 Nf6 5. d3 c5 6. g3 Be7 7. Bg2 a6 8. O-O Qc7
9. h3 O-O 10. Bf4 d6 11. g4 Nc6 12. Rb1 Nd7 13. a3 Bf6 14. b4 Be5 15. Be3 g6 16.
Qd2 Nd4 17. Bh6 Rfe8 18. Nxd4 Bxd4 19. Rbc1 Bh8 20. Ne2 Ne5 21. f4 Nc6 22. f5
Nd4 23. f6 Nb3 24. Qb2 Nxc1 25. Bxc1 cxb4 26. axb4 b5 27. cxb5 Qb6+ 28. Qd4 Qxb5
29. g5 e5 30. Qxd6 Rac8 0-1

[Event "89th Hastings Masters 2013-14"]
[Site "Hastings ENG"]
[Date "2013.12.31"]
[Round "4.6"]
[White "Ledger, Dave J"]
[Black "Khenkin, Igor"]
[Result "0-1"]
[WhiteTitle "FM"]
[BlackTitle "GM"]
[WhiteElo "2246"]
[BlackElo "2598"]
[WhiteFideId "401986"]
[BlackFideId "4659600"]
[EventDate "2013.12.28"]

1. e4 c6 2. d4 d5 3. e5 Bf5 4. h4 h5 5. Bg5 Qb6 6. Bd3 Bxd3 7. Qxd3 e6 8. Nd2
Ne7 9. Nb3 Nf5 10. Ne2 Nd7 11. Ng3 Nxg3 12. Qxg3 a5 13. a4 c5 14. dxc5 Nxc5 15.
Nxc5 Bxc5 16. O-O Rc8 17. Kh1 Qxb2 18. Rab1 Qxc2 19. Rfc1 Qf5 20. Be7 Kxe7 21.
Rxb7+ Kf8 22. Rxc5 Rxc5 23. Rb8+ Ke7 24. Rxh8 Qg4 25. Qa3 Qd1+ 26. Kh2 Qc1 27.
Qxc1 Rxc1 28. Ra8 d4 29. Rxa5 d3 30. Ra7+ Ke8 31. Ra8+ Kd7 32. Ra6 Rc6 33. Ra7+
Rc7 34. Ra6 Ke7 0-1

[Event "89th Hastings Masters 2013-14"]
[Site "Hastings ENG"]
[Date "2013.12.31"]
[Round "4.7"]
[White "Repplinger, Marc"]
[Black "Hebden, Mark L"]
[Result "0-1"]
[BlackTitle "GM"]
[WhiteElo "2245"]
[BlackElo "2560"]
[WhiteFideId "4651120"]
[BlackFideId "400084"]
[EventDate "2013.12.28"]

1. d4 Nf6 2. Nf3 g6 3. c4 Bg7 4. Nc3 O-O 5. e4 d6 6. Be2 e5 7. O-O Nc6 8. d5 Ne7
9. Ne1 Nd7 10. Nd3 f5 11. exf5 gxf5 12. f4 e4 13. Ne1 c5 14. dxc6 Nxc6 15. Be3
Nb6 16. Nc2 Be6 17. Nd5 Bxd5 18. cxd5 Ne7 19. Bd4 Nexd5 20. a4 a5 21. Ra3 Bxd4+
22. Qxd4 Qf6 23. Rg3+ Kh8 24. Rg5 Qxd4+ 25. Nxd4 Nxa4 26. Nxf5 Rxf5 27. Rxf5 Ne3
28. Ra1 Nxf5 29. Rxa4 d5 30. Kf2 Kg7 31. g4 Ne7 32. Ke3 Kf6 33. Bf1 Ke6 34. Bh3
Kd6 35. g5 Ra6 36. f5 Ke5 37. f6 Ng6 38. Bd7 Rb6 0-1

[Event "89th Hastings Masters 2013-14"]
[Site "Hastings ENG"]
[Date "2013.12.31"]
[Round "4.8"]
[White "Kett, Tim"]
[Black "Pert, Nicholas"]
[Result "0-1"]
[BlackTitle "GM"]
[WhiteElo "2223"]
[BlackElo "2554"]
[WhiteFideId "1801210"]
[BlackFideId "403989"]
[EventDate "2013.12.28"]

1. e4 e5 2. Bc4 Nf6 3. d3 Nc6 4. Nf3 Bc5 5. Nc3 d6 6. Be3 Bb6 7. Qd2 Bg4 8.
O-O-O Na5 9. Bb3 Nxb3+ 10. axb3 c6 11. h3 Be6 12. Ng5 O-O 13. f4 Bxe3 14. Qxe3
exf4 15. Qxf4 Qe7 16. g4 b5 17. Rhf1 b4 18. Na4 Nd7 19. d4 Nb6 20. Kb1 Nxa4 21.
bxa4 b3 22. c3 Bc4 23. Rfe1 f6 24. Nf3 Rad8 25. Re3 c5 26. Nd2 Bf7 27. d5 Qd7
28. g5 Bg6 29. Qg4 f5 30. Qe2 Qxa4 31. Qc4 Qxc4 32. Nxc4 fxe4 33. Nd2 Rf2 34. c4
a5 35. Nxb3 Rb8 36. Rd2 Rxb3 0-1

[Event "89th Hastings Masters 2013-14"]
[Site "Hastings ENG"]
[Date "2013.12.31"]
[Round "4.9"]
[White "Gordon, Stephen J"]
[Black "McPhillips, Joseph"]
[Result "1/2-1/2"]
[WhiteTitle "GM"]
[WhiteElo "2519"]
[BlackElo "2199"]
[WhiteFideId "411477"]
[BlackFideId "422487"]

1. Nf3 Nf6 2. c4 e6 3. g3 Be7 4. Bg2 O-O 5. O-O d5 6. d4 c6 7. Qc2 b6 8. Nbd2
Bb7 9. e4 Na6 10. e5 Nd7 11. a3 c5 12. dxc5 Naxc5 13. cxd5 exd5 14. b4 Ne6 15.
Bb2 a5 16. Qb3 Qb8 17. Rfe1 Re8 18. Nd4 Nxd4 19. Bxd4 axb4 20. axb4 Rxa1 21.
Bxa1 Qa8 22. Bd4 Nf8 23. Ra1 Qb8 24. Bxb6 Qxe5 25. Rb1 Ne6 26. Nf3 Qb8 27. Nd4
Ba6 28. Nxe6 Qxb6 29. Nf4 Qxb4 30. Qxb4 1/2-1/2

[Event "89th Hastings Masters 2013-14"]
[Site "Hastings ENG"]
[Date "2013.12.31"]
[Round "4.10"]
[White "Arkell, Keith C"]
[Black "Burnett, Jim"]
[Result "1-0"]
[WhiteTitle "GM"]
[WhiteElo "2438"]
[BlackElo "2138"]
[WhiteFideId "400270"]
[BlackFideId "402273"]

1. d4 d5 2. c4 e6 3. Nf3 c6 4. cxd5 exd5 5. Nc3 Bf5 6. Bg5 Qb6 7. Qd2 Nd7 8. e3
Ngf6 9. Bxf6 Nxf6 10. Bd3 Bxd3 11. Qxd3 Bd6 12. O-O O-O 13. Rab1 a5 14. Qc2 Qc7
15. Rfc1 Qe7 16. a3 Ne4 17. Nxe4 dxe4 18. Nd2 Rfe8 19. Nc4 Bc7 20. b4 axb4 21.
axb4 Qg5 22. Nd2 Qh5 23. g3 Re6 24. b5 Rae8 25. bxc6 bxc6 26. Qd1 Qh3 27. Qf1
Qg4 28. Rb7 R8e7 29. Qd1 Qg6 30. Qb3 Bd8 31. Rb8 Re8 32. Qb7 f5 33. d5 cxd5 34.
Qxd5 Bf6 35. Qxe6+ 1-0